Obras completas
محفوظ في:
| المؤلف الرئيسي: | |
|---|---|
| التنسيق: | كتاب |
| اللغة: | Undetermined |
| منشور في: |
Madrid, España
Editorial Plenitud
1954
|
| الموضوعات: | |
| الوسوم: |
إضافة وسم
لا توجد وسوم, كن أول من يضع وسما على هذه التسجيلة!
|
MARC
| LEADER | 00000nam a2200000Ia 4500 | ||
|---|---|---|---|
| 008 | 170316s9999 xx 000 0 und d | ||
| 999 | |c 10599 |d 10599 | ||
| 040 | |a cru BVZT | ||
| 090 | |a 862 V-7o v.1 | ||
| 100 | |a Valle-Inclán, Ramón del | ||
| 245 | |a Obras completas | ||
| 260 | |a Madrid, España | ||
| 260 | |b Editorial Plenitud | ||
| 260 | |c 1954 | ||
| 300 | |a 1334 páginas Tomo I. | ||
| 650 | |a LITERATURA ESPAÑOLA |9 23 | ||
| 942 | |c SALA |h 862 V-7o v.1 |2 z | ||
